Señora, ¿Usted Trabaja? -No, soy ama de casa

সংরক্ষণ করুন:
গ্রন্থ-পঞ্জীর বিবরন
প্রধান লেখক: Arroyo Ortiz, Concepción
বিন্যাস: পাঠ‍্য
প্রকাশিত: México :
ট্যাগগুলো: ট্যাগ যুক্ত করুন
কোনো ট্যাগ নেই, প্রথমজন হিসাবে ট্যাগ করুন!

MARC

LEADER 00000 a a2200000 04500
001 14203
003
040
090 |a EXTRAVIADO  
100 |a Arroyo Ortiz, Concepción  
245 |a Señora, ¿Usted Trabaja? -No, soy ama de casa  
260 |a México :  
300 |a 15 p.  
999 |c 17339  |d 17339